Электроэнергия АЭС для нужд ОАО"Газпром"; Энергия: экономика, техника, экология; № 6

書誌詳細
Parent link:Энергия: экономика, техника, экология: научно-популярный и общественно-политический журнал/ Российская академия наук (РАН).— , 1984-.— 0233-3619
№ 6.— 2003.— С. 24-27
第一著者: Крылов Д. А.
言語:ロシア語
出版事項: 2003
主題:
フォーマット: 図書の章
KOHA link:https://koha.lib.tpu.ru/cgi-bin/koha/opac-detail.pl?biblionumber=387199

MARC

LEADER 00000naa2a2200000 4500
001 387199
005 20231101063600.0
035 |a (RuTPU)RU\TPU\prd\16704 
090 |a 387199 
100 |a 20030901a2003 k y0rusy50 ca 
101 0 |a rus 
102 |a RU 
200 1 |a Электроэнергия АЭС для нужд ОАО"Газпром"  |f Д. А. Крылов 
461 1 |0 (RuTPU)RU\TPU\prd\458  |x 0233-3619  |t Энергия: экономика, техника, экология  |o научно-популярный и общественно-политический журнал  |f Российская академия наук (РАН)  |d 1984- 
463 1 |0 (RuTPU)RU\TPU\prd\16383  |t № 6  |v С. 24-27  |d 2003 
610 1 |a электроэнергия 
610 1 |a Газпром 
610 1 |a АЭС 
610 1 |a РАО "ЕЭС России" 
610 1 |a тарифы 
610 1 |a электростанции 
610 1 |a электроснабжение 
700 1 |a Крылов  |b Д. А. 
801 1 |a RU  |b 63413507  |c 20030901  |g PSBO 
801 2 |a RU  |b 63413507  |c 20120516  |g RCR 
942 |c BK